00569nam a22001697a 450000500170000001000150001702000260003203500140005803700130007208200080008510000160009324500830010926000630019227001170025530000210037250000060039320200224170051.0 aENG-127941 a9788179665015c180.00 aEN-111473 bDBAD/PUB a881 aM Elangovan aMoral Aesthetics:bAn Anthology of Avvaiyar's Didactic Poetry/cby M Elangovan aChennaibOlivannan Gopalakrishnan Emerald Publishersc2019 a15/A, First Floor, Casa Major Road Egmore, bChennaie600008k+914428193206,42146994minfo@emeraldpublishers.com a117p.c22cm(pbk) a